La plaga de la langosta Schistocerca piceifrons piceifrons (Walker) : (Record no. 107138)
[ view plain ]
| 000 -CABECERA | |
|---|---|
| campo de control de longitud fija | 01483nam a2200361 a 4500 |
| 001 - NÚMERO DE CONTROL | |
| campo de control | 000110676 |
| 003 - IDENTIFICADOR DEL NÚMERO DE CONTROL | |
| campo de control | CHAP |
| 005 - FECHA Y HORA DE LA ÚLTIMA TRANSACCIÓN | |
| campo de control | 20220329144143.0 |
| 008 - DATOS DE LONGITUD FIJA--INFORMACIÓN GENERAL | |
| campo de control de longitud fija | 140924s2013 mx ab |r| ||||||spa d |
| 010 ## - NÚMERO DE CONTROL DE LA BIBLIOTECA DEL CONGRESO | |
| Número de control de LC | 107138 |
| 011 ## - ENLACE DEL NUMERO DE CONTROL DE LA BIBLIOTECA DEL CONGRESO [OBSOLETO] | |
| Número de control de LC | 108110 |
| 020 ## - NÚMERO INTERNACIONAL ESTÁNDAR DEL LIBRO | |
| Número Internacional Estándar del Libro | 9786079343033 |
| 040 ## - FUENTE DE LA CATALOGACIÓN | |
| Centro/agencia transcriptor | CHAP |
| 082 04 - NÚMERO DE LA CLASIFICACIÓN DECIMAL DEWEY | |
| Número de clasificación | 632.72 |
| Número de documento/Ítem | P69 |
| 245 13 - MENCIÓN DE TÍTULO | |
| Título | La plaga de la langosta Schistocerca piceifrons piceifrons (Walker) : |
| Resto del título | una visión multidisciplinaria desde la perspectiva del desastre fitosanitario en México / |
| Mención de responsabilidad, etc. | Coordinado por María Guadalupe Galindo Mendoza, Carlos Contreras Servín y Enrique Ibarra Zapata. |
| 260 ## - PUBLICACIÓN, DISTRIBUCIÓN, ETC. | |
| Lugar de publicación, distribución, etc. | San Luis Potosí : |
| Nombre del editor, distribuidor, etc. | Universidad Autónoma de San Luis Potosí, |
| Fecha de publicación, distribución, etc. | 2013. |
| 300 ## - DESCRIPCIÓN FÍSICA | |
| Extensión | 253 p. : |
| Otras características físicas | il.,gráfs., maps. |
| 490 1# - MENCIÓN DE SERIE | |
| Mención de serie | Colección sanidad vegetal |
| -- | Vigilancia epiidemiológica fitosanitaria |
| 590 ## - NOTA LOCAL (RLIN) | |
| Nota local | E5995AHE |
| Procedencia (VM) [OBSOLETO] | 05 |
| Condición del los carretes individuales (VM) [OBSOLETO] | 20140924 |
| -- | UCH01 |
| -- | 1418 |
| 590 ## - NOTA LOCAL (RLIN) | |
| Nota local | E5995AHE |
| Procedencia (VM) [OBSOLETO] | 05 |
| Condición del los carretes individuales (VM) [OBSOLETO] | 20140924 |
| -- | UCH01 |
| -- | 1423 |
| 590 ## - NOTA LOCAL (RLIN) | |
| Nota local | E5995AHE |
| Procedencia (VM) [OBSOLETO] | 05 |
| Condición del los carretes individuales (VM) [OBSOLETO] | 20140924 |
| -- | UCH01 |
| -- | 1430 |
| 650 14 - PUNTO DE ACCESO ADICIONAL DE MATERIA--TÉRMINO DE MATERIA | |
| Término de materia o nombre geográfico como elemento de entrada | Insectos |
| Subdivisión geográfica | México. |
| 9 (RLIN) | 58951 |
| 650 14 - PUNTO DE ACCESO ADICIONAL DE MATERIA--TÉRMINO DE MATERIA | |
| Término de materia o nombre geográfico como elemento de entrada | Langosta como plaga |
| Subdivisión general | México. |
| 9 (RLIN) | 64764 |
| 650 14 - PUNTO DE ACCESO ADICIONAL DE MATERIA--TÉRMINO DE MATERIA | |
| Término de materia o nombre geográfico como elemento de entrada | Sanidad vegetal. |
| 9 (RLIN) | 102224 |
| 650 14 - PUNTO DE ACCESO ADICIONAL DE MATERIA--TÉRMINO DE MATERIA | |
| Término de materia o nombre geográfico como elemento de entrada | Schistocerca piceifrons. |
| 9 (RLIN) | 103018 |
| 700 1# - PUNTO DE ACCESO ADICIONAL--NOMBRE DE PERSONA | |
| Nombre de persona | Contreras Servín, Carlos |
| Término indicativo de función/relación | , coord. |
| 9 (RLIN) | 128500 |
| 700 1# - PUNTO DE ACCESO ADICIONAL--NOMBRE DE PERSONA | |
| Nombre de persona | Galindo Mendoza, María Guadalupe |
| Término indicativo de función/relación | , coord. |
| 9 (RLIN) | 128499 |
| 700 1# - PUNTO DE ACCESO ADICIONAL--NOMBRE DE PERSONA | |
| Nombre de persona | Ibarra Zapata, Enrique |
| Término indicativo de función/relación | , coord. |
| 9 (RLIN) | 128501 |
| 830 #0 - PUNTO DE ACCESO ADICIONAL DE SERIE-TÍTULO UNIFORME | |
| Título uniforme | Colección Sanidad vegetal. |
| Nombre de parte o sección de la obra | Vigilancia epidemiológica fitosanitaria |
| Designación de volumen o secuencia | ; 1 |
| 9 (RLIN) | 175601 |
| 901 ## - ELEMENTOS DE DATOS A LOCAL LDA (RLIN) | |
| a | BK |
| 942 ## - ELEMENTOS DE PUNTO DE ACCESO ADICIONAL (KOHA) | |
| Tipo de ítem Koha | Libro |
| 942 ## - ELEMENTOS DE PUNTO DE ACCESO ADICIONAL (KOHA) | |
| Suprimir en OPAC | 0 |
| Estado de retiro | Estado de pérdida | Fuente del sistema de clasificación o colocación | Estado dañado | Restricciones de uso | No para préstamo | Código de colección | Localización permanente | Ubicación/localización actual | Ubicación en estantería | Fecha de adquisición | Información codificada de la localización en otra ubicación | Total de préstamos | Signatura topográfica completa | Código de barras | Fecha visto por última vez | Número de copia | Precio válido a partir de | Tipo de ítem Koha |
|---|---|---|---|---|---|---|---|---|---|---|---|---|---|---|---|---|---|---|
| Dewey Decimal Classification | Préstamo 15 días | General | Biblioteca Central | Biblioteca Central | Planta principal - Colección General | 24/09/2014 | LIBRO | 632.72 P69 | 33724002423842 | 31/12/2019 | c.3 | 31/12/2019 | Libro | |||||
| Dewey Decimal Classification | Préstamo 15 días | General | Biblioteca Central | Biblioteca Central | Planta principal - Colección General | 24/09/2014 | LIBRO | 632.72 P69 | 33724002423884 | 31/12/2019 | c.2 | 31/12/2019 | Libro | |||||
| Dewey Decimal Classification | Préstamo 15 días | General | Biblioteca Central | Biblioteca Central | Planta principal - Colección General | 24/09/2014 | LIBRO | 632.72 P69 | 33724002423926 | 31/12/2019 | 31/12/2019 | Libro |
